000 00546nam a22001931a 4500
001 3138
003 OSt
005 20260204211839.0
008 040621s ||||dr ||||||b||||||||||spa||
050 _aRD 375 R299h
082 _aRD 375 S25h
110 _aRepública Dominicana. Secretaría de Estado de Cultura
245 _aHigiene y Salud
264 _aSanto Domingo : SEEBAC
300 _a142 p.
490 _aPrograma de alfabetización y educación básica de adultos; módulo III
650 _a1.Educación de AdultosÌ
942 _2ddc
_cBK
999 _c3138
_d3138